000 00927nam0a22002531 4500
001 v19\rc\1984694
005 20260405225812.0
035 _a(NLR Aleph) 005270096
090 _a5990287
_c5990287
100 _a20080623d1914 |||y0rusy50 ca
101 0 _arus
102 _aRU
105 _ab z |||c|
200 1 _aКраткий географический очерк Симбирской губернии
_fА.И. Соловьев
210 _aСимбирск
_cтипо-лит. А.Т. Токарева
_d1914
215 _a36 с., 1 л. карт.
_d26
700 1 _8rus
_7ca
_aСоловьев
_bА. И.
_cисторик
_f1854-1918
_gАлексей Иванович
_3RU\NLR\AUTH\77103843
_986768
801 0 _aRU
_bNLR
_c20080623
_gpsbo
801 0 _aRU
_bRuMoRGB
_c20080623
_2psbo
801 1 _aRU
_bProSoft-M
_c20080623
_2rusmarc
801 2 _aRU
_bNLR
_c20111011
_2rusmarc
852 _aNLR
_j18.271.7.122
942 _cBOOK
980 _aNB